| 000 | 00347pab a2200145 454500 | ||
|---|---|---|---|
| 008 | 180718b1995 xxu||||| |||| 00| 0 eng d | ||
| 100 | _aSriram, T.V. | ||
| 245 |
_aEconomy _bback on the growth path. |
||
| 260 | _c1995 | ||
| 300 | _ap.13-14,20 | ||
| 362 | _a31 Mar | ||
| 650 | _aEconomic development - India | ||
| 773 | _aYojana | ||
| 909 | _a28583 | ||
| 999 |
_c28583 _d28583 |
||